000 00888nam a2200241Ia 4500
001 9705
003 GE_BSU
008 181216s||||||||xx |||||||||||||| ||und||
040 _cGE_BSU
080 _a821.353.1–1
100 _aნადირაძე,კოლაუ
245 _aწიწამურიდან საგურამომდე
245 _bლექსები
245 _cრედ.ქ.კვინტრაძე,მხატვ.ი.დივნაგორცევა–გრიგოლია
250 _aმე–2 გამოც.
260 _aთბილისი
260 _bსაბჭოთა საქართველო
260 _c1984
300 _a384გვ.1ფ.პორტრ.20სმ.
653 _aლექსები
653 _aწიწამურიდან საგურამომდე
942 _cBK
999 _c42988
_d42988